LIBRARY & INFORMATION CENTRE, KCAET, TAVANUR

ONLINE PUBLIC ACCESS CATALOGUE (OPAC)

Food Microbiology And Biotechnology (Record no. 14258)

MARC details
000 -LEADER
fixed length control field 00329nam a22001337a 4500
020 ## - INTERNATIONAL STANDARD BOOK NUMBER
ISBN 9789382126225
082 ## - DEWEY DECIMAL CLASSIFICATION NUMBER
Classification number 664
Item number RAT/FO
100 ## - MAIN ENTRY--AUTHOR NAME
Personal name Rathore Singh, A.K
245 ## - TITLE STATEMENT
Title Food Microbiology And Biotechnology
250 ## - EDITION STATEMENT
Edition statement 1
260 ## - PUBLICATION, DISTRIBUTION, ETC. (IMPRINT)
Place of publication New Delhi
Name of publisher Astha publishers and Distributors
Year of publication 2014
300 ## - PHYSICAL DESCRIPTION
Number of Pages 312
942 ## - ADDED ENTRY ELEMENTS (KOHA)
Koha item type Books
Holdings
Withdrawn status Lost status Damaged status Collection code Home library Current library Shelving location Date acquired Source of acquisition Cost, normal purchase price Full call number Accession Number Koha item type
        KAUAET KAUAET General Stacks 09/06/2016 Penta Books, Calicut 1095.00 664 RAT/FO 24191 Books
free website counter